000 006550000a22001930004500
020 _a0-311-11084-3
041 0 _aSPA
082 0 4 _aG 268.433 M4788m
100 1 _aMcDowell, Josh
245 1 0 _aEscapa del laberinto moral / Libro de trabajo para jóvenes mayores -Serie "Es bueno o es malo" / Josh McDowell ; Josie de Smith, Traductor
260 _aEl Paso, TX., USA : Mundo Hispano
300 _a171 Pag
500 _aTítulo original :Out of the moral maze - setting you free to make right choices
001 7919
942 _cBK
999 _c38119
_d38119
336 _atexto
_btxt
_2rdacontent
337 _2rdamedia
_asin mediación
_bn
338 _2rdacarrier
_avolumen
_bnc